00594nam a22001937a 4500010001300000020001000013035001300023037001800036040001200054082001700066245009400083260004700177270004800224300003000272505002500302650003500327650002200362700001600384 aA-169519 c32.50 aA-169519 bCen Lib / Ret aDPLbEn a330.954bRAY aThe Cambridge economic history of India /cedited by Tapan Raychaudhuri [and] Irfan Habib aNew YorkbCambridge University Pressc1984 aKamani Marg, Ballard EstatebBombaye400038 a(v 1. ix, 543p)b27cm(Hb) av 1. c. 1200 -c.1750 aIndia -- Economic conditions.  aEconomic history. aIrfan Habib